00616nam a2200205Ia 450000500170000000800410001702000150005808200130007324500460008626000530013230000160018565000140020165000140021565000250022965000240025470000160027894200060029495200950030099900150039520240605024447.0240331s9999 xx 000 0 und d a0791429660 bFEMa370 0aFeminisms and pedagogies of everyday life aAlbanybState University of New York Pressc1996 avii,326 p., aFeminism  aEducation aCritical Pedagogies  aWomen Socialization aLuke, C. ed cL 001040708LaWERCLbWERCLcSSCd2024-03-31l0o 370 FEMp2260r2024-03-31w2024-03-31yL c2935d2935